000 00554cam a2200145 4500500
005 20251012032456.0
041 _afre
042 _adc
100 1 0 _aBaladier, Charles
_eauthor
245 0 0 _aBarbara Cassin, Voir Hélène en toute femme. D’Homère à Lacan, avec des peintures de Maurice Matieu, Les Empêcheurs de penser en rond, Seuil, 2000.
260 _c2000.
500 _a48
786 0 _nSigila | 6 | 2 | 2000-12-20 | p. 214-216 | 1286-1715
856 4 1 _uhttps://shs.cairn.info/revue-sigila-2000-2-page-214?lang=fr&redirect-ssocas=7080
999 _c1547381
_d1547381